| 000 | 00355nam a2200133Ia 4500 | ||
|---|---|---|---|
| 005 | 20260328101440.0 | ||
| 008 | 260328s9999||||xx |||||||||||||| ||und|| | ||
| 100 | _aNicholson, H.B. | ||
| 245 | 0 |
_aArt of Aztec Mexico : _b Treasures of Tenochtitlan / _cH.B. Nicholson |
|
| 260 | _bNational Gallery of Art | ||
| 300 | _a188 p. | ||
| 650 | _aARTE | ||
| 942 | _cBK | ||
| 999 |
_c8234 _d8234 |
||